1962 1555 1507 1362 1810 1607 1934 1956 1389 1174 1555 1814 1049 1208 1514 1857 1529 1155 1620 1260 1552 1768 1276 1481 1733 1169 1085 1910 1881 1595 1122 1869 1864 1689 1543 1914 1817 1580 1404 1758 1716 1425 1910 1937 1452 1184 1984 1227 1077 1331 1865 1715 1926 1774 1355 1466 1458 1872 1225 1158 1340 1252 1396 1170 1394 1094 1746 1940 1105 1001 1245 1531 1359 1071 1211 1261 1573 1875 1994 1443 1545 1646 1348 1963 1299 1913 1432 1247 1847 1376 1550 1610 1151 1092 1528 1532 1073 1364 1764 BCNSPRNW ULIB Ver.6.0+V

เปลี่ยนเป็นภาษาไทย

Change to English
 แสดงรายละเอียดบรรณานุกรม
  กลับหน้าหลัก

Brief Record : Get Marc (ISO 2709) : E-mail record : QR code < ปิดหน้าต่าง
LEADER : 00000nam 2200000uu 4500
001    13399111663
003     ULIB
008    110704s2549||||th 000 0 tha d
050  4 BQ4570^bอ679ห 2549
100 0  พระอาจารย์อำนาจ โอภาโส
245 10 หยดน้ำแห่งแรงบันดาลใจ /^cพระอาจารย์อำนาจ โอภาโส
260    กรุงเทพฯ :^bพุทธธรรมสถานผาซ่อนแก้ว,^c2549
300    51 หน้า ;^c21 ซม.
650  7 ธรรมะ
945    ^p0^l0^i019311
995    ทศพร
999 ^a ใช้งานได้ทุกระบบ
รายการนี้ยังไม่มีแท็ก
คุณยังไม่ได้ล็อกอิน คุณสามารถมีกิจกรรมร่วมกับเว็บไซต์ได้ แต่ต้องล็อกอินก่อน ::
  ล็อกอิน

รายการสื่อสารสนเทศ

ลำดับที่ ประเภท เลขเรียก/บาร์โค้ด สถานที่ สถานะ
- ไม่พบข้อมูล -

รายการใกล้เคียง
    ผู้แต่ง [พระอาจารย์อำนาจ โอภาโส]

    หัวเรื่อง [ธรรมะ]

BibComment


ยังไม่เคยถูกคอมเมนท์

คอมเมนท์ทรัพยากรรายการนี้
  คอมเมนท์: หยดน้ำแห่งแรงบันด..


 Copyright 2026. Bcnsprnw @Library